Мультисенсорная платформа на основе полиметакрилатной матрицы для экологического мониторинга; Химия и химическая технология в XXI веке; Т. 2

Dettagli Bibliografici
Parent link:Химия и химическая технология в XXI веке: материалы XXVI Международной научно-практической конференции студентов и молодых ученых имени выдающихся химиков Л. П. Кулёва и Н. М. Кижнера, посвященной 125-летию со дня рождения профессора Л. П. Кулёва, 19-23 мая 2025 г., г. Томск/ Национальный исследовательский Томский политехнический университет.— .— Томск: Изд-во ТПУ, 2025
Т. 2.— 2025.— С. 78-79
Autore principale: Елькин Е. С.
Altri autori: Гага А. С. (научный руководитель), Гавриленко М. А. Михаил Алексеевич
Riassunto:Заглавие с экрана
Текстовый файл
Lingua:russo
Pubblicazione: 2025
Soggetti:
Accesso online:http://earchive.tpu.ru/handle/11683/135291
Natura: Elettronico Capitolo di libro
KOHA link:https://koha.lib.tpu.ru/cgi-bin/koha/opac-detail.pl?biblionumber=684865

MARC

LEADER 00000naa2a2200000 4500
001 684865
005 20260325154438.0
090 |a 684865 
100 |a 20260213d2025 k||y0rusy50 ca 
101 0 |a rus 
102 |a RU 
135 |a drcn ---uucaa 
200 1 |a Мультисенсорная платформа на основе полиметакрилатной матрицы для экологического мониторинга  |f Е. С. Елькин, А. С. Гага  |g науч. рук. М. А. Гавриленко 
300 |a Заглавие с экрана 
336 |a Текстовый файл 
461 1 |0 684476  |9 684476  |t Химия и химическая технология в XXI веке  |o материалы XXVI Международной научно-практической конференции студентов и молодых ученых имени выдающихся химиков Л. П. Кулёва и Н. М. Кижнера, посвященной 125-летию со дня рождения профессора Л. П. Кулёва, 19-23 мая 2025 г., г. Томск  |f Национальный исследовательский Томский политехнический университет  |c Томск  |d 2025  |n Изд-во ТПУ 
463 1 |0 684479  |9 684479  |t Т. 2  |d 2025  |v С. 78-79  |u conference_tpu-2025-C27_V2.pdf 
545 1 |a Охрана окружающей среды и рациональное использование природных ресурсов 
610 1 |a труды учёных ТПУ 
610 1 |a электронный ресурс 
610 1 |a мультисенсорная платформа  
610 1 |a полиметакрилатная матрица 
610 1 |a экологический мониторинг 
700 1 |a Елькин  |b Е. С.  
701 1 |a Гага  |b А. С. 
702 1 |a Гавриленко  |b М. А.  |c химик  |c доцент Томского политехнического университета, кандидат химических наук  |f 1971-  |g Михаил Алексеевич  |4 727 
801 0 |a RU  |b 63413507  |c 20260213  |g RCR 
850 |a 63413507 
856 4 0 |u http://earchive.tpu.ru/handle/11683/135291  |z http://earchive.tpu.ru/handle/11683/135291 
942 |c CF